000 00299nam a22001337a 4500
008 170816b xxu||||| |||| 00| 0 eng d
020 _a9780321434258
041 _aeng
080 _23RD
_a311
100 _a36
101 _aSTA
245 _aESSENTIALS OF STATISTICS
_cTRIOLA,M.F
942 _2udc
_cBK
999 _c23668
_d23668